000 00280nam a22001337a 4500
008 180924b xxu||||| |||| 00| 0 eng d
020 _a0813315840
041 _aeng
080 _a316
100 _a50
101 _aSOC
245 _aSocial Theory
_cLemert,Ch
942 _2udc
_cBK
999 _c48372
_d48372